LEADER 01116nam0 22002653i 450 001 VAN00121105 005 20240806100807.993 010 $a978-88-619-8061-7 100 $a20190424d2011 |0itac50 ba 101 $aita 102 $aIT 105 $a|||| ||||| 200 1 $aProgettare i gusci$eacciaio, cemento armato e precompresso$epiastre, serbatoi, cupole, paraboloidi e condotte$egravità, instabilità e azioni sismiche$fGian Michele Calvi, Roberto Nascimbene 210 $aPavia$cIUSS$d2011 215 $aX, 799 p.$cill.$d25 cm 620 $dPavia$3VANL000064 700 1$aCalvi$bGian Michele$3VANV044945$043709 701 1$aNascimbene$bRoberto$3VANV093075$0764107 712 $aIstituto universitario di studi superiori di Pavia$3VANV111659$4650 801 $aIT$bSOL$c20250307$gRICA 899 $aBIBLIOTECA DEL DIPARTIMENTO DI INGEGNERIA$1IT-CE0100$2VAN05 912 $aVAN00121105 950 $aBIBLIOTECA DEL DIPARTIMENTO DI INGEGNERIA$d05PREST G 870 $e05UBI698 20190424 996 $aProgettare i gusci$94315822 997 $aUNICAMPANIA